Normal view
MARC view
- MECHANICS OF SHEET METAL FORMING.SHEET METAL FORMING
Entry Topical Term
001 - CONTROL NUMBER
- control field: 65424
003 - CONTROL NUMBER IDENTIFIER
- control field: NUST
005 - DATE AND TIME OF LATEST TRANSACTION
- control field: 20210628203430.0
008 - FIXED-LENGTH DATA ELEMENTS
- fixed length control field: 210628|| aca||aabn | a|a d
040 ## - CATALOGING SOURCE
- Original cataloging agency: NUST
- Transcribing agency: NUST
150 ## - HEADING--TOPICAL TERM
- Topical term or geographic name entry element: MECHANICS OF SHEET METAL FORMING.SHEET METAL FORMING
670 ## - SOURCE DATA FOUND
- Source citation: Work cat.: (NUST): Marciniak, Z, Duncan, J. L, Hu, S. J. 65423, Mechanics of sheet metal forming, 2006
